00733nam a22001817a 4500003000500000038001800005082000800023100003700031245018200068264003300250300002300283650002700306700004200333856005800375942001200433999001900445952008700464NUST aNusrat Nadeem a200 aChaudhry, Muhammad Bilal9125316 aThe Impact of digital technology on changing consumer behaviors and how to build a top-notch e-commerce business (for the apparel industry) in Pakistan/cMuhammad Bilal Chaudhry aIslamabad;bNBS NUST;c2024. a55,p;billc30,cm. aExecutive MBA 9120079 aSupervisor: Dr. Nabeel Safdar9119913 u http://10.250.8.41:8080/xmlui/handle/123456789/45562 2ddccSC c611074d611074 00104070aCLbCLcTHEd2024-08-23l0o200pCL-T-7236r2024-08-23w2024-08-23ySC